|
|
|
|
| LEADER |
00000nab#a22000007a#4500 |
| 001 |
arbauad039058 |
| 003 |
AR-BaUAD |
| 005 |
20250711113041.0 |
| 008 |
990817|||||||||###||||||b###|0###a|spa|| |
| 040 |
|
|
|a AR-BaUAD
|c AR-BaUAD
|b spa
|
| 100 |
|
|
|a Cohen, Clélia
|
| 245 |
|
|
|a Julie Depardieu, l'avènement du je /
|c Clélia Cohen; Gabrielle Hachard;
|
| 653 |
|
|
|a CINE
|
| 653 |
|
|
|a FRANCIA
|
| 653 |
|
|
|a ACTORES
|
| 653 |
|
|
|a DEPARDIEU, JULIE
|
| 700 |
1 |
|
|a Hachard, Gabrielle
|
| 773 |
0 |
|
|t CAHIERS DU CINEMA
|g no. 529 [nov. 1998], p. 5
|
| 942 |
|
|
|c ARTI
|
| 952 |
|
|
|0 0
|1 0
|4 0
|7 0
|9 83977
|a AR-BAuAD
|b AR-BAuAD
|d 2025-07-11
|l 0
|p AAQA039058
|r 2025-07-11 11:30:41
|w 2025-07-11
|y ARTI
|
| 990 |
|
|
|a C199
|b TD
|
| 998 |
|
|
|a AAQ
|b BIBUN76
|
| 999 |
|
|
|c 63650
|d 63650
|